02569nam a22002657a 4500008004100000020001800041040000800059041000800067041000800075100002900083240003700112245008700149260003400236300002300270490002100293490002200314520093300336520087101269650002902140650003302169650003702202650002202239655002202261655002002283250702b |||||||| |||| 00| 0 eng d a9788427248427 ctbs aspa heng aCollins, Suzanneeauthor aSunrise on the reapinglSpanish. aAmanecer en la cosechab/ Suzanne Collins ; traducción de Pilar Ramírez Tello. aBarcelona : bMolino, c2025. a491 pages ; 21 cm. aThe Hunger Games aJuegos del hambre aAmanece el día de los Quincuagésimos Juegos del Hambre y el miedo atenaza a los distritos de Panem. Este año, en honor al Vasallaje de los Veinticinco, se llevarán de sus hogares al doble de tributos. En el Distrito 12, Haymitch Abernathy intenta no pensar demasiado en sus probabilidades. Lo único que le importa es que se acabe el día para poder estar con su chica. Cuando anuncian el nombre de Haymitch, todos sus sueños se rompen en pedazos. Lo separan de su familia y de su amada, y lo envían al Capitolio con los otros tres tributos del Distrito 12: una amiga que es casi como una hermana pequeña para él, un chico obsesionado con analizar apuestas y la chica más estirada de la ciudad. Cuando empiezan los Juegos, Haymitch comprende que en el Capitolio quieren que fracase. Sin embargo, algo dentro de él desea luchar... y que el eco de esa lucha llegue mucho más allá de la mortífera arena. aThe day of the Fiftieth Hunger Games dawns, and fear grips the districts of Panem. This year, in honor of the Quarter Quell, twice the usual number of tributes will be taken from their homes. In District 12, Haymitch Abernathy tries not to think too much about his odds. The only thing he cares about is getting through the day so he can be with his girl. But when Haymitch’s name is called, all his dreams shatter into pieces. He is torn from his family and the woman he loves, and sent to the Capitol with the other three tributes from District 12: a friend who’s almost like a little sister to him, a boy obsessed with analyzing bets, and the most stuck-up girl in town. When the Games begin, Haymitch realizes the Capitol wants him to fail. But something inside him wants to fight... and make sure the echo of that fight reaches far beyond the deadly arena. 0aSurvival skillsvFiction 0aTelevision programsvFiction 0aInterpersonal relationsvFiction 0aContestsvFiction 0aDystopian fiction 0aScience fiction